000 01644nam1a22002651i 4500
001 rc\4020101
005 20260408082738.0
035 _a(NLR Aleph) 008085889
090 _a9153238
_c9153238
100 _a20130415d1950 |||y0rusy50 ca
101 0 _arus
102 _aRU
105 _a z |||||
200 1 _aГосударственная племенная книга лошадей владимирской тяжеловозной породы
_f[Вступ. статья: М.П. Корзенев. "Владимирская порода тяжеловозных лошадей", с. IX-LVIII]
_gМ-во сельского хозяйства СССР. Гос. инспекция по плем. делу. Т. 1-
210 _a[Иваново]
_cИзд-во и тип. Облгиза
_d1950
215 _d27
604 _150010$aЖеребцы
_1700#1$aХоменко$bВ.Н.
_tЖеребцы
_aХоменко, В.Н.
604 _150010$aВладимирская порода тяжеловозных лошадей
_1700#1$aКорзенев$bМ.П.$gМихаил Павлович
_tВладимирская порода тяжеловозных лошадей
_aКорзенев, Михаил Павлович
606 _aЛошади-тяжеловозы, владимирские
_jПлеменные книги
_2psbo
702 1 _aКорзенев
_bМ.П.
_gМихаил Павлович
_4080
712 0 1 _aСССР
_bГосударственная инспекция по племенному делу
_3RU\NLR\AUTH\8810152350
_9799460
801 0 _aRU
_bNLR
_gpsbo
801 1 _aRU
_bELAR
_2rusmarc
852 _aNLR
_jС90 Г-7/15
942 _cBOOK